00310nam a22001217a 4500020001800000040000900018082001800027100001600045245006800061260003500129300001600164500000800180 a9787119084183 cNUST a495.1802bJIA aJianwen Wei aTransformation and promotion ; Interpreting china urbanization  bForeign languange press c2014 aill,235,p.: aP.B